La caridad en la verdad. (Registro nro. 32936)
[ vista simple ]
| 000 -LEADER | |
|---|---|
| fixed length control field | 01031nam a2200205 a 4500 |
| 001 - CONTROL NUMBER | |
| control field | 32936 |
| 005 - DATE AND TIME OF LATEST TRANSACTION | |
| control field | 20180714000640.0 |
| 008 - FIXED-LENGTH DATA ELEMENTS--GENERAL INFORMATION | |
| fixed length control field | 140415s2009 mx 000 0 spa d |
| 020 ## - INTERNATIONAL STANDARD BOOK NUMBER | |
| International Standard Book Number | 978022612022 |
| 041 ## - LANGUAGE CODE | |
| Language code of text/sound track or separate title | spa |
| 082 ## - DEWEY DECIMAL CLASSIFICATION NUMBER | |
| Classification number | 262.91 |
| Item number | BEN |
| 100 1# - MAIN ENTRY--PERSONAL NAME | |
| Personal name | Benedigto Papa Francisco |
| 100 2# - MAIN ENTRY--PERSONAL NAME | |
| Personal name | FRA |
| 245 13 - TITLE STATEMENT | |
| Title | La caridad en la verdad. |
| 250 ## - EDITION STATEMENT | |
| Edition statement | Primera edición |
| 260 ## - PUBLICATION, DISTRIBUTION, ETC. | |
| Place of publication, distribution, etc. | México; : |
| Name of publisher, distributor, etc. | Ediciones Paulinas, S.A. de C.V., |
| Date of publication, distribution, etc. | 2009. |
| 300 ## - PHYSICAL DESCRIPTION | |
| Extent | 118 Páginas ; |
| Dimensions | 22 cm. |
| 520 ## - SUMMARY, ETC. | |
| Summary, etc. | CARITAS IN VERITATE DE BENEDICTO XVI PROFUNDIZA ALGUNOS ASPECTOS DEL DESARROLLO INTEGRAL EN NUESTRA EPOCA, A LA LUZ DE LA CARIDAD EN LA VERDAD, BUSCANDO HALLAR UN PROGRESO SOSTENIBLE, EL RESPECTO PLENO DE LA DIGNIDAD HUMANA Y LAS EXIGENCIAS REALES DE TODOS. ALGUNOS DE LOS TEMAS ABORDADOS SON: LA GLOBALIZACIÓN, LA PRESERVACIÓN DEL MEDIO AMBIENTE, EL DESARROLLO Y LA FINANCIACIÓN SOSTENIBLE. LLAMA A UN EXAMEN DE CONCIENCIA PARA VOLVER A UNA ETICA DE LAS FINANZAS Y ECONOMIA AL SERVICIODE L |
| 650 14 - SUBJECT ADDED ENTRY--TOPICAL TERM | |
| Topical term or geographic name entry element | RELIGION |
| Withdrawn status | Lost status | Source of classification or shelving scheme | Damaged status | Not for loan | Collection code | Home library | Current library | Shelving location | Date acquired | Source of acquisition | Total Checkouts | Full call number | Barcode | Price effective from | Koha item type |
|---|---|---|---|---|---|---|---|---|---|---|---|---|---|---|---|
| Dewey Decimal Classification | Consulta en sala | General | Tehuacán | Tehuacán | Sala general | 03/12/2013 | Compra | 262.91 BEN 2009 | 507895 | 03/03/2015 | Reserva permanente |